Countries by Record - Statistics

General Stats
  • This quiz has been taken 28 times
  • The average score is 13 of 15
Answer Stats
Record Answer % Correct
Largest population India
100%
Tallest building United Arab Emirates
100%
Most rainforest Brazil
96%
Longest coastline Canada
96%
Most civilian owned guns per capita United States
96%
Newest country South Sudan
92%
Smallest country by population Vatican City
92%
Most medals in the Winter Olympics Norway
88%
Most active volcanoes Indonesia
81%
Highest GDP per capita Monaco
81%
Most food produced China
77%
Safest country Iceland
73%
Most islands Sweden
73%
Most US troops stationed there Japan
65%
Highest crime rate Venezuela
46%
No matching quizzes found
Score Distribution
Percent of People with Each Score
Percentile by Number Answered
Your Score History
You have not taken this quiz